000 00412nmm a2200145Ia 4500
008 251105s9999||||xx |||||||||||||||||und||
041 _aspa
100 _aMora, Victor
245 0 _aCaricias de un desconocido
264 _a[Madrid, España] :
_bEdiciones B,
_c2014
300 _a216 páginas
650 _aScience fiction & Fantasy
856 _uhttps://public.digitaliapublishing.com/a/52894
942 _cCF
999 _c105153
_d105153